Word Ladder: John Grisham Quiz Stats

Quiz Updated Feb 11, 2015

Challenge
Share
Tweet
Embed
Score 0/42 Timer 05:00
0 Plays Today
Clue 4-Letter Word % Correct
Pass gasFART
97%
Mr. DisneyWALT
96.8%
Very quickFAST
96.7%
A tenth of a dollarDIME
96%
DesireWANT
95.7%
Droop, like a flowerWILT
95.4%
Skirt for a ScotKILT
95.1%
A smallish mountainHILL
94.8%
Arson resultFIRE
94.6%
Fashion Designer VeraWANG
94.3%
Unspicy, like salsaMILD
93.3%
A red gemRUBY
93.2%
August precederJULY
93.2%
A pepper grinderMILL
93.2%
UrgentDIRE
92.2%
Avian 'arm'WING
92%
Home for the cows and goatsFARM
91.6%
The body of a shipHULL
91.6%
Greek house on campusFRAT
90.2%
A piece of a mosaicTILE
90%
1989 ' A [Other Rung] to ___'KILL
89.8%
Clue 4-Letter Word % Correct
A drawer in a cash registerTILL
89.5%
1989 ' A ___ to [Other Rung]'TIME
89.5%
The essence of one's brainMIND
89%
1991 'The ___'FIRM
88%
Well-behavedRULY
87.7%
Caring and sweetKIND
87.6%
2003 'The ___ of Torts'KING
86.6%
1996 'The Runaway ___'JURY
84.2%
Throw with forceHURL
82.1%
Intense anger or rageFURY
82.1%
Wrap up or fold, as a flagFURL
78%
A party suffixFEST
77.2%
Act of derring-doFEAT
76.6%
A yokelRUBE
73.6%
Friction reducerLUBE
70.8%
Medieval stringed instrumentLUTE
68.3%
'How to Save a Life' band with TheFRAY
67.7%
2004 'The ___ Juror'LAST
58.6%
2014 '___ Mountain'GRAY
51.9%
Passed onLATE
49.2%
Emit coherent lightLASE
46%

Today's Daily Dose

Word Ladder
KISS Hit

On This Day
January 22nd

You're not logged in!

Compare scores with friends on all Sporcle quizzes.
Sign Up with Email
OR
Log In

You Might Also Like...

Show Comments

Extras

Top Quizzes Today


Score Distribution

Your Account Isn't Verified!

In order to create a playlist on Sporcle, you need to verify the email address you used during registration. Go to your Sporcle Settings to finish the process.